Nuklearmedizin : imaging of metabolism and organ function : 21. International Annual Meeting of the Society of Nuclear Medicine, Europe, Ulm/Neu-Ulm, 13.-16. Sept. 1983 /
Uložené v:
| Ďalší autori: | |
|---|---|
| Médium: | Kniha |
| Jazyk: | English German French |
| Vydané: |
Stuttgart New York :
F. K. Schattauer Verlag,
1984.
|
| Vydanie: | 1st ed. |
| ISBN: |
(brož.) |
| Fyzický popis: |
986 s. |
| Tagy: |
Pridať tag
Žiadne tagy, Buďte prvý kto otaguje tento záznam!
|
Titul je dostupný aj v ... 

MARC
| LEADER | 00000nam a22000004a 4500 | ||
|---|---|---|---|
| 001 | 000410087 | ||
| 005 | 20121113212426.0 | ||
| 008 | 121113s1984 xxu e 000 0 eng d | ||
| 020 | |a (brož.) |c Kčs 3250,00 | ||
| 040 | |a SVKKK |b slo |c SVKKK |e AACR2 | ||
| 041 | 0 | |a eng |a ger |a fre | |
| 044 | |a gw |c DE |a xxu |c US | ||
| 245 | 1 | 0 | |a Nuklearmedizin : |b imaging of metabolism and organ function : 21. International Annual Meeting of the Society of Nuclear Medicine, Europe, Ulm/Neu-Ulm, 13.-16. Sept. 1983 / |c edit. A. E. Helmut Schmidt. |
| 250 | |a 1st ed. | ||
| 260 | |a Stuttgart |a New York : |b F. K. Schattauer Verlag, |c 1984. | ||
| 300 | |a 986 s. | ||
| 546 | |a Názov a text aj nem., franc. | ||
| 700 | 1 | |a Schmidt, Helmut |4 edt | |
| 910 | |a svkkk | ||
| 998 | |a BK | ||
| 090 | |g SCKHL |k Sklad Pribinova prízemie |a IV.126832 |j 706020 |i B272312 |s Absenčne | ||